000 00477nam a2200145 i 4500
001 71273
003 ES-MaACL
007 t|
008 040806s1913 sp ||||1| spa d
100 1 _aGay de Montellá, Rafael.
_956117
245 1 3 _aEl accidente de abordaje
_b: legislación española y derecho marítimo comparado /
_cpor Rafael Gay de Montellá.
260 _aMadrid :
_b[s.n.,
_c1913] (
_fP. Pérez de Velasco)
300 _a230 p. ;
_c17 cm.
852 _aES-MaACL
_jG-15681
999 _c71273
_d71273